000 01039nam a22002777a 4500
001 5783
003 FISKH
005 20250122093500.0
008 250122b cb ||||| |||| 00| 0 eng d
020 _a9780545372480
040 _aFISKH
_beng
_cFISKH
_dFISKH
050 _aPZ7
082 _a688.7209
100 _aScott, Janine
245 _aZip and zoom : Toys that roll /
_cby Janine Scott
260 _aNew York :
_bScholastic,
_c2011.
300 _a28 pages :
_bcolor illustrations ;
_c22 cm
490 _aInvestigation toys
505 _aH
520 _aHi, we are Zoom Zoom and Zip Zip! We are two very lucky fillies that have a very good life. We have lots of good green grass and our owner, Pat Pat, feeds us good grain twice a day. We live close to the Sabine River in East Texas and get to go riding along it often. This tells you a little about our surroundings and where we live.
521 8 _a430
_bLexile IG
521 8 _aH
_bRaz-Plus
650 _aToys
_vZip
942 _2ddc
_cBK
_n0
999 _c5783
_d5783